000 00305nam a22001457a 4500
003 SGT
082 _a370
_bE16K
100 _aKISHAN, N. RAMNATH
245 _aECONOMICS OF EDUCATION
250 _a1ST
260 _aNEW DELHI
_bA.P.H. PUB
_c2016
300 _a156
650 _aEDUCATION
942 _2ddc
_cBK
999 _c12205
_d12205